| 000 | 00971nam a2200301Ia 4500 | ||
|---|---|---|---|
| 003 | OSt | ||
| 005 | 20221006153427.0 | ||
| 006 | a|||||r|||| 00| 0 | ||
| 007 | ta | ||
| 008 | 221006b |||||||| |||| 00| 0 eng d | ||
| 020 |
_a9788971416761 _c _ 22.25 |
||
| 024 | _a32,304 | ||
| 037 |
_bGift, Korean Embassy _cTextual |
||
| 040 |
_aEASL _cEASL _beng |
||
| 041 |
_2eng _aeng |
||
| 082 | _aV495,1y7, P5 | ||
| 100 |
_aINSTITUTE FOR MODERN STUDIES Au. _9663866 |
||
| 245 | 0 |
_aSyngman Rhee presidental papers _b A catalogue |
|
| 260 |
_aKorea _bYonsei University Press _c2005 |
||
| 300 |
_a232p. _ccm. |
||
| 490 |
_v KEL _aIMKS historical materials series no.7 |
||
| 650 |
_a Catalogue _9663867 |
||
| 650 | _a KEL | ||
| 650 |
_aPresidential paper _9663868 |
||
| 700 |
_a YOUNG Ick-lew etc Co. _9663869 |
||
| 942 |
_hV495,1y7, P5 _cTEXL _2CC |
||
| 999 |
_c1100390 _d1100390 |
||